Champions Olympiques - Mort Subite - Statistiques

Statistiques générales
  • Ce quiz a été pris 179 fois
    171 depuis la dernière actualisation
  • Le résultat moyen est 7 sur 16
Answers on the Grid
Answers color-coded by a green-red scale on the quiz's grid according to % correct below.
Teddy Riner
Tom Brady
Léon Marchand
Roger Federer
Serge Blanco
Simone Biles
Alice Finot
Noah Lyles
Tiger Woods
Larissa Latynina
Sasha Zhoya
Alain Bernard
Nikola Karabatić
Mike Tyson
Kareem Abdul-Jabbar
Svetlana Romashina
Jean-Philippe Gatien
Serena Villiams
Diego Maradona
Earvin Ngapeth
Felix Lebrun
Mijain Lopez
Kelvin Kiptum
Connor McGregor
Armand Duplantis
Kylian Mbappe
Carl Lewis
Lewis Hamilton
Yannick Noah
Ma Long
Tatsuru Saito
Paavo Nurmi
 
Statistiques - réponses
Réponse % Correct
Teddy Riner
99%
Léon Marchand
83%
Simone Biles
73%
Nikola Karabatić
63%
Noah Lyles
59%
Armand Duplantis
56%
Earvin Ngapeth
49%
Alain Bernard
46%
Roger Federer
44%
Carl Lewis
41%
Serena Villiams
32%
Ma Long
15%
Paavo Nurmi
10%
Larissa Latynina
9%
Mijain Lopez
6%
Svetlana Romashina
5%
Aucun quiz correspondant
Distribution des résultats
% des personnes avec chaque résultat
Percentile par nombre de réponses
Votre historique - résultats
Vous n’avez pas pris ce quiz depuis la dernière actualisation